000 00580nam a2200181Ia 4500
003 GCL
008 140319s9999 xx 000 0 ara d
040 _aGCL /
_cGCL
082 0 4 _a301.24
_bم ت
100 1 _aمحمد شفيق
245 1 0 _aالتنمية الاجتماعية: دراسات فى قضايا التنمية ومشكلات المجتمع /
_cمحمد شفيق
300 _a379 ص
490 _aكتاب
_v0
650 0 4 _aالعلوم الاجتماعية
650 0 4 _aالتطور الاجتماعى
650 0 4 _aالاجتماع، علم
942 _2ddc
_cBK
999 _c41282
_d41282